000 00381nam a2200121Ia 4500
008 231129s9999||||xx |||||||||||||| ||spa||
020 _a958-04-0194-2
040 _bspa
082 _a616 M489me
245 0 _aMedicina interna
264 _aBogotá Colombia : Fundación Instituto de Reumatologí­a e Inmunologí­a ; Norma
942 _2ddc
_cBKS
999 _c20857
_d20857